[Event "I Magistral Ruibal"]
[Site "Buenos Aires ARG"]
[Date "2008.09.29"]
[Round "1.1"]
[White "Contin, Daniel"]
[Black "Garcia Palermo, Carlos"]
[Result "0-1"]
[WhiteElo "2304"]
[BlackElo "2456"]
[PlyCount "94"]
[EventDate "2008.09.29"]
[EventType "tourn"]
[EventRounds "9"]
[EventCountry "ARG"]
[EventCategory "9"]
[Source "lmi"]
[SourceDate "2008.09.29"]

1. c4 e6 2. Nf3 d5 3. g3 Nf6 4. Bg2 Be7 5. O-O O-O 6. b3 b6 7. e3 Bb7 8. Bb2 c5
9. Qe2 Nc6 10. Rd1 dxc4 11. bxc4 Rc8 12. Nc3 Na5 13. d3 Ne8 14. Rab1 Bf6 15.
Ba1 Bxf3 16. Bxf3 Nd6 17. Bg2 g6 18. g4 Bg7 19. f4 Qh4 20. Rf1 g5 21. Bf3 Rfd8
22. Qg2 Rd7 23. Rbd1 Rcd8 24. Be2 Ndxc4 25. dxc4 Rxd1 26. Bxd1 Nxc4 27. Qf2 Qh3
28. Qf3 Qxf3 29. Bxf3 Nd2 30. Rf2 Nxf3+ 31. Rxf3 Rd3 32. Nb5 Bxa1 33. Nxa7 Bd4
34. Kf2 Ra3 35. Nc8 Rxa2+ 36. Kg3 Bc3 37. Nxb6 Ba5 38. Nc4 Be1+ 39. Kh3 Rc2 40.
Nd6 c4 41. e4 c3 42. e5 Rf2 43. Rd3 c2 44. Ne4 c1=Q 45. Nf6+ Kg7 46. Ne8+ Kf8
47. Nf6 Rxh2+ 0-1

[Event "I Magistral Ruibal"]
[Site "Buenos Aires ARG"]
[Date "2008.09.29"]
[Round "1.2"]
[White "Liascovich, Lucas"]
[Black "Lemos, Damian"]
[Result "0-1"]
[WhiteElo "2435"]
[BlackElo "2479"]
[PlyCount "102"]
[EventDate "2008.09.29"]
[EventType "tourn"]
[EventRounds "9"]
[EventCountry "ARG"]
[EventCategory "9"]
[Source "lmi"]
[SourceDate "2008.09.29"]

1. d4 Nf6 2. Nf3 g6 3. Nc3 d5 4. Bf4 Bg7 5. Qd2 O-O 6. Bh6 Nc6 7. Bxg7 Kxg7 8.
Ne5 Qd6 9. Nxc6 Qxc6 10. e3 Qd6 11. O-O-O Bd7 12. f3 e5 13. g4 c6 14. h4 Rae8
15. h5 e4 16. hxg6 hxg6 17. g5 Nh5 18. f4 Ng3 19. Rg1 Nf5 20. Qf2 Rh8 21. Ne2
Rh7 22. Ng3 Reh8 23. Bg2 Rh2 24. Nxf5+ Bxf5 25. Rh1 Bg4 26. Rxh2 Rxh2 27. Qg3
Rxg2 28. Qxg2 Bxd1 29. Kxd1 Qb4 30. f5 gxf5 31. Qh2 Qe7 32. Qh6+ Kg8 33. Kd2
Qb4+ 34. Kd1 Qc4 35. Qh2 Qf1+ 36. Kd2 f4 37. Qxf4 Qxf4 38. exf4 f6 39. Ke3 Kf7
40. gxf6 Kxf6 41. Kf2 Kf5 42. Kg3 a5 43. a3 b6 44. b3 c5 45. dxc5 bxc5 46. c3
d4 47. cxd4 cxd4 48. b4 d3 49. Kf2 Kxf4 50. b5 e3+ 51. Ke1 Kf3 0-1

[Event "I Magistral Ruibal"]
[Site "Buenos Aires ARG"]
[Date "2008.09.29"]
[Round "1.4"]
[White "Larsen, Bent"]
[Black "Dos Santos, Ramiro"]
[Result "0-1"]
[WhiteElo "2461"]
[BlackElo "2435"]
[PlyCount "64"]
[EventDate "2008.09.29"]
[EventType "tourn"]
[EventRounds "9"]
[EventCountry "ARG"]
[EventCategory "9"]
[Source "lmi"]
[SourceDate "2008.09.29"]

1. g4 d5 2. Bg2 c6 3. h3 e5 4. d3 Ne7 5. Nd2 Ng6 6. Ndf3 Bc5 7. a4 O-O 8. a5 f5
9. gxf5 Bxf5 10. h4 Bg4 11. Ra4 Bh5 12. Bh3 Nd7 13. Rh2 b5 14. axb6 Nxb6 15.
Ra6 Qc7 16. Rg2 e4 17. dxe4 dxe4 18. Nd4 Rad8 19. c3 Nxh4 20. Rg3 Kh8 21. Bg5
Be7 22. Qc1 Bf7 23. Nxc6 Qxc6 24. Bxe7 Bc4 25. Rxa7 Rf7 26. Bxd8 Rxa7 27. Bxh4
Qa8 28. Qg5 Ra1+ 29. Kd2 Rd1+ 30. Ke3 Nd5+ 31. Kxe4 Nf6+ 32. Kf4 Qe4# 0-1

[Event "I Magistral Ruibal"]
[Site "Buenos Aires ARG"]
[Date "2008.09.29"]
[Round "1.5"]
[White "Mareco, Sandro"]
[Black "Valerga, Diego"]
[Result "1/2-1/2"]
[WhiteElo "2477"]
[BlackElo "2502"]
[PlyCount "81"]
[EventDate "2008.09.29"]
[EventType "tourn"]
[EventRounds "9"]
[EventCountry "ARG"]
[EventCategory "9"]
[Source "lmi"]
[SourceDate "2008.09.29"]

1. e4 c5 2. Nf3 e6 3. d4 cxd4 4. Nxd4 Nf6 5. Nc3 d6 6. Be3 a6 7. f3 b5 8. Qd2
Nbd7 9. g4 Nb6 10. O-O-O Bb7 11. Qf2 Nfd7 12. Bd3 Rc8 13. Nce2 Nc4 14. Bxc4
Rxc4 15. Kb1 Be7 16. h4 O-O 17. g5 d5 18. exd5 Bxd5 19. Nf5 Bb7 20. b3 Rc6 21.
Nxe7+ Qxe7 22. Rd2 Rd6 23. Rhd1 Rxd2 24. Rxd2 Rc8 25. Bd4 e5 26. Bb2 Qc5 27.
Qxc5 Nxc5 28. Ng3 Bxf3 29. Bxe5 Ne4 30. Rd3 Re8 31. Bf4 Nxg3 32. Rxf3 Nh5 33.
Re3 Rxe3 34. Bxe3 f5 35. gxf6 Nxf6 36. Kb2 Kf7 37. Bd4 h6 38. Ka3 Nd5 39. c4
bxc4 40. bxc4 Ne7 41. Be3 1/2-1/2

[Event "I Magistral Ruibal"]
[Site "Buenos Aires ARG"]
[Date "2008.09.30"]
[Round "2.1"]
[White "Garcia Palermo, Carlos"]
[Black "Valerga, Diego"]
[Result "0-1"]
[WhiteElo "2456"]
[BlackElo "2502"]
[PlyCount "76"]
[EventDate "2008.09.29"]
[EventType "tourn"]
[EventRounds "9"]
[EventCountry "ARG"]
[EventCategory "9"]
[Source "lmi"]
[SourceDate "2008.09.29"]

1. d4 Nf6 2. Bg5 e6 3. e4 h6 4. Bxf6 Qxf6 5. Nc3 d6 6. Qd2 c6 7. Nge2 e5 8. g3
g6 9. Bg2 Bg7 10. Rd1 O-O 11. O-O Na6 12. f4 exd4 13. Nxd4 Bg4 14. Nf3 Rad8 15.
Qf2 Qe7 16. e5 dxe5 17. Rxd8 Rxd8 18. Nxe5 Bf5 19. Qxa7 Qb4 20. Qe3 Qxb2 21. g4
Bxg4 22. Rb1 Qxc2 23. Be4 Qd2 24. Qxd2 Rxd2 25. Rxb7 Nc5 26. Rb8+ Kh7 27. Bxc6
Nd3 28. Nxg4 Bxc3 29. Rb7 Bd4+ 30. Kf1 h5 31. Rxf7+ Kh8 32. f5 gxf5 33. Nf6
Rf2+ 34. Kg1 Rxa2+ 35. Kf1 Rf2+ 36. Kg1 Re2+ 37. Kf1 Re1+ 38. Kg2 Rg1+ 0-1

[Event "I Magistral Ruibal"]
[Site "Buenos Aires ARG"]
[Date "2008.09.30"]
[Round "2.2"]
[White "Dos Santos, Ramiro"]
[Black "Mareco, Sandro"]
[Result "1/2-1/2"]
[WhiteElo "2435"]
[BlackElo "2477"]
[PlyCount "38"]
[EventDate "2008.09.29"]
[EventType "tourn"]
[EventRounds "9"]
[EventCountry "ARG"]
[EventCategory "9"]
[Source "lmi"]
[SourceDate "2008.09.29"]

1. e4 e5 2. Nf3 Nc6 3. Bc4 Bc5 4. c3 Nf6 5. d3 a6 6. O-O Ba7 7. Bb3 d6 8. Nbd2
O-O 9. h3 h6 10. Re1 Be6 11. Nf1 Re8 12. Ng3 d5 13. exd5 Bxd5 14. Ne4 Bxb3 15.
Qxb3 Nxe4 16. dxe4 Qf6 17. Be3 Bxe3 18. Rxe3 Red8 19. Ree1 Na5 1/2-1/2

[Event "I Magistral Ruibal"]
[Site "Buenos Aires ARG"]
[Date "2008.09.30"]
[Round "2.3"]
[White "Mahia, Gustavo"]
[Black "Larsen, Bent"]
[Result "1-0"]
[WhiteElo "2441"]
[BlackElo "2461"]
[PlyCount "63"]
[EventDate "2008.09.29"]
[EventType "tourn"]
[EventRounds "9"]
[EventCountry "ARG"]
[EventCategory "9"]
[Source "lmi"]
[SourceDate "2008.09.29"]

1. d4 c5 2. d5 e5 3. Nc3 h5 4. e4 d6 5. f4 Bg4 6. Be2 Nd7 7. Nf3 a6 8. a4 Ne7
9. f5 g6 10. O-O gxf5 11. exf5 Nf6 12. Bg5 Bg7 13. Nd2 Neg8 14. Nc4 Bh6 15. Bh4
Qc7 16. h3 Bxe2 17. Qxe2 Kf8 18. a5 Re8 19. Ra3 Bg7 20. Rb3 Rd8 21. Rb6 Rd7 22.
Rf3 Ne7 23. Bxf6 Bxf6 24. Ne4 Nxd5 25. Qd1 Nxb6 26. Nxb6 Bd8 27. Rd3 Rh6 28.
Qd2 Rf6 29. Nd5 Qxa5 30. Qxa5 Bxa5 31. Nexf6 Rd8 32. Rg3 1-0

[Event "I Magistral Ruibal"]
[Site "Buenos Aires ARG"]
[Date "2008.10.01"]
[Round "2.4"]
[White "Lemos, Damian"]
[Black "Rodriguez Vila, Andres"]
[Result "0-1"]
[WhiteElo "2479"]
[BlackElo "2531"]
[PlyCount "94"]
[EventDate "2008.09.29"]
[EventType "tourn"]
[EventRounds "9"]
[EventCountry "ARG"]
[EventCategory "9"]
[Source "lmi"]
[SourceDate "2008.09.29"]

1. d4 e6 2. c4 Nf6 3. Nc3 Bb4 4. Qc2 O-O 5. a3 Bxc3+ 6. Qxc3 b5 7. cxb5 c6 8.
Qd3 cxb5 9. Nf3 Nc6 10. e4 d5 11. e5 Ne4 12. Be2 b4 13. O-O a5 14. Be3 Ba6 15.
Qc2 Qb6 16. Rfc1 Rfc8 17. Bxa6 Qxa6 18. Qa4 Rab8 19. axb4 Rxb4 20. Qa3 h6 21.
Rc2 Qb5 22. Ne1 Rb8 23. Qd3 Nxd4 24. Qxb5 R8xb5 25. Rc8+ Kh7 26. Rc7 Nb3 27.
Ra3 d4 28. Bf4 Nec5 29. Rxf7 d3 30. Be3 Kg8 31. Rc7 d2 32. Bxd2 Nxd2 33. Rg3 g5
34. Rc3 Re4 35. Nc2 Rc4 36. Rxc4 Nxc4 37. h4 Nxb2 38. Nd4 Rb4 39. Nc6 Nbd3 40.
hxg5 hxg5 41. Nxa5 Re4 42. Nc6 Nxe5 43. Ne7+ Kf8 44. f3 Re1+ 45. Kh2 Ncd3 46.
Nc8 Re2 47. Nd6 Nf4 0-1

[Event "I Magistral Ruibal"]
[Site "Buenos Aires ARG"]
[Date "2008.09.30"]
[Round "2.5"]
[White "Contin, Daniel"]
[Black "Liascovich, Lucas"]
[Result "0-1"]
[WhiteElo "2304"]
[BlackElo "2435"]
[PlyCount "104"]
[EventDate "2008.09.29"]
[EventType "tourn"]
[EventRounds "9"]
[EventCountry "ARG"]
[EventCategory "9"]
[Source "lmi"]
[SourceDate "2008.09.29"]

1. c4 e5 2. Nc3 Nf6 3. Nf3 Nc6 4. g3 d5 5. cxd5 Nxd5 6. Bg2 Nb6 7. a3 Be7 8.
O-O Be6 9. b4 O-O 10. d3 f6 11. Rb1 Nd4 12. Nd2 c6 13. Nce4 Bd5 14. e3 Ne6 15.
Qc2 a5 16. Nc5 axb4 17. axb4 Ra2 18. Rb2 Rxb2 19. Bxb2 Nxc5 20. bxc5 Bxg2 21.
Kxg2 Qd5+ 22. Nf3 Bxc5 23. e4 Qd6 24. Rc1 Nd7 25. Qb3+ Kh8 26. Ra1 b5 27. h4 h5
28. Ra6 Bxf2 29. Kxf2 Nc5 30. Ba3 b4 31. Bxb4 Nxd3+ 32. Kg2 Nxb4 33. Rb6 Nd3
34. Qc4 Nc5 35. Rb2 Ne6 36. Rd2 Qe7 37. Qxc6 Rd8 38. Rxd8+ Nxd8 39. Qc8 Kh7 40.
Qf5+ g6 41. Qc8 Nf7 42. g4 Nd6 43. Qc6 hxg4 44. Nd2 Nf7 45. Nc4 Qa7 46. Nb6
Qa2+ 47. Kf1 Qb1+ 48. Kg2 Qa2+ 49. Kf1 Qa6+ 50. Kg1 Kg7 51. Kg2 Qe2+ 52. Kg1 g3
0-1

[Event "I Magistral Ruibal"]
[Site "Buenos Aires ARG"]
[Date "2008.10.01"]
[Round "3.1"]
[White "Liascovich, Lucas"]
[Black "Garcia Palermo, Carlos"]
[Result "0-1"]
[WhiteElo "2435"]
[BlackElo "2456"]
[PlyCount "98"]
[EventDate "2008.09.29"]
[EventType "tourn"]
[EventRounds "9"]
[EventCountry "ARG"]
[EventCategory "9"]
[Source "lmi"]
[SourceDate "2008.09.29"]

1. d4 Nf6 2. c4 e5 3. dxe5 Ng4 4. Nh3 Nxe5 5. e3 d6 6. Nf4 g6 7. Be2 Bg7 8. O-O
O-O 9. Nc3 a5 10. e4 Na6 11. Nfd5 f5 12. exf5 Bxf5 13. f4 Nd7 14. Ne3 Be6 15.
f5 gxf5 16. Nxf5 Bxf5 17. Qd5+ Kh8 18. Rxf5 Nb4 19. Qe4 Nc5 20. Qg4 Rxf5 21.
Qxf5 Qh4 22. Bg5 Qd4+ 23. Qf2 Qxf2+ 24. Kxf2 Bxc3 25. bxc3 Ne4+ 26. Ke3 Nxg5
27. cxb4 axb4 28. Bd1 Re8+ 29. Kd2 Ne4+ 30. Kc2 Ra8 31. Kb2 Nc5 32. Bc2 Rg8 33.
Re1 Rxg2 34. Re8+ Kg7 35. Re7+ Kf6 36. Rxh7 Nd3+ 37. Kb3 Nc5+ 38. Kb2 Ne6 39.
Rh4 Ke5 40. Rh5+ Kd4 41. Rh4+ Kc5 42. Kb1 Rg1+ 43. Kb2 Rg2 44. Kb1 Nd4 45. Bb3
Nf3 46. Rh7 Kd4 47. Kc1 c5 48. Rh6 Rxh2 49. Bd1 Rxh6 0-1

[Event "I Magistral Ruibal"]
[Site "Buenos Aires ARG"]
[Date "2008.10.01"]
[Round "3.2"]
[White "Rodriguez Vila, Andres"]
[Black "Contin, Daniel"]
[Result "1-0"]
[WhiteElo "2531"]
[BlackElo "2304"]
[PlyCount "59"]
[EventDate "2008.09.29"]
[EventType "tourn"]
[EventRounds "9"]
[EventCountry "ARG"]
[EventCategory "9"]
[Source "lmi"]
[SourceDate "2008.09.29"]

1. e4 e6 2. d4 d5 3. e5 c5 4. c3 Qb6 5. Nf3 Bd7 6. Bd3 Bb5 7. dxc5 Bxc5 8. b4
Bxd3 9. Qxd3 Bf8 10. O-O Nd7 11. Na3 a6 12. c4 Bxb4 13. cxd5 Nc5 14. Qd4 exd5
15. Nc2 Ba5 16. Ba3 Ne6 17. Qxd5 Rd8 18. Qc4 Qc6 19. Ne3 Qxc4 20. Nxc4 Bc7 21.
Bd6 b5 22. Bxc7 Nxc7 23. Nd6+ Kf8 24. Ng5 Nh6 25. Rac1 Ne8 26. Rfd1 g6 27. Rc6
Ra8 28. Nc8 Ng4 29. Rd7 Nxe5 30. Rxf7+ 1-0

[Event "I Magistral Ruibal"]
[Site "Buenos Aires ARG"]
[Date "2008.10.01"]
[Round "3.3"]
[White "Larsen, Bent"]
[Black "Lemos, Damian"]
[Result "0-1"]
[WhiteElo "2461"]
[BlackElo "2479"]
[PlyCount "93"]
[EventDate "2008.09.29"]
[EventType "tourn"]
[EventRounds "9"]
[EventCountry "ARG"]
[EventCategory "9"]
[Source "lmi"]
[SourceDate "2008.09.29"]

1. b4 e5 2. Bb2 Bxb4 3. Bxe5 Nf6 4. h4 O-O 5. e3 Re8 6. Bf4 d5 7. c3 Bd6 8. Ne2
Nc6 9. a4 Bf5 10. Bxd6 Qxd6 11. Ng3 Bg4 12. Be2 Bxe2 13. Qxe2 Ne4 14. Rh3 Nc5
15. Kf1 d4 16. cxd4 Nxd4 17. Qc4 Ndb3 18. Ra2 Na5 19. Qe2 Ne6 20. Nh5 Kh8 21.
Nc3 Nb3 22. Qd1 Qd3+ 23. Kg1 Nbc5 24. f4 Rad8 25. Qf3 f5 26. Kh2 Nb3 27. Qxb7
Nxd2 28. e4 Qd4 29. Ra1 g6 30. exf5 Nc5 31. Qxc7 gxh5 32. Qxa7 Rc8 33. Qf7
Qxf4+ 34. Kg1 Rf8 35. Qxh5 Ncb3 36. Ne2 Qe5 37. Re1 Qc5+ 38. Kh2 Qf2 39. Rd1
Rxf5 40. Qh6 Qxe2 41. Rg3 Qe7 42. Re1 Qf6 43. Qe3 Nf1+ 44. Rxf1 Rxf1 45. Qxb3
Qxh4+ 46. Rh3 Qd4 47. a5 0-1

[Event "I Magistral Ruibal"]
[Site "Buenos Aires ARG"]
[Date "2008.10.01"]
[Round "3.4"]
[White "Mareco, Sandro"]
[Black "Mahia, Gustavo"]
[Result "1-0"]
[WhiteElo "2471"]
[BlackElo "2441"]
[PlyCount "93"]
[EventDate "2008.09.29"]
[EventType "tourn"]
[EventRounds "9"]
[EventCountry "ARG"]
[EventCategory "9"]
[Source "lmi"]
[SourceDate "2008.09.29"]

1. d4 Nf6 2. c4 g6 3. Nc3 Bg7 4. e4 O-O 5. Nf3 d6 6. Be2 e5 7. Be3 Na6 8. O-O
Qe8 9. Re1 Ng4 10. Bg5 f6 11. Bc1 c6 12. Bf1 Kh8 13. Rb1 Qe7 14. h3 Nh6 15. b4
Nc7 16. Be3 Nf7 17. Rc1 Re8 18. Qd2 f5 19. exf5 gxf5 20. d5 Qf6 21. g3 Bd7 22.
Ng5 Nxg5 23. Bxg5 Qg6 24. Kh2 Rg8 25. f4 h6 26. Bh4 exf4 27. Qxf4 Rae8 28. Qf3
Re5 29. Ne2 Qe8 30. Qf2 cxd5 31. Nf4 d4 32. Be7 Qf7 33. Bxd6 Rxe1 34. Rxe1 Ne6
35. c5 Nxf4 36. Re7 Qxe7 37. Bxe7 Nd5 38. Bd6 Re8 39. Qf3 Ne3 40. Bd3 Bc6 41.
Qh5 Re6 42. Kg1 Be4 43. Qf7 Bd5 44. Bf8 Be5 45. Bxh6 Rxh6 46. Qe8+ Kh7 47. Qxe5
1-0

[Event "I Magistral Ruibal"]
[Site "Buenos Aires ARG"]
[Date "2008.10.01"]
[Round "3.5"]
[White "Valerga, Diego"]
[Black "Dos Santos, Ramiro"]
[Result "1/2-1/2"]
[WhiteElo "2502"]
[BlackElo "2435"]
[PlyCount "71"]
[EventDate "2008.09.29"]
[EventType "tourn"]
[EventRounds "9"]
[EventCountry "ARG"]
[EventCategory "9"]
[Source "lmi"]
[SourceDate "2008.09.29"]

1. e4 Nf6 2. e5 Nd5 3. d4 d6 4. Nf3 dxe5 5. Nxe5 c6 6. Bc4 Nd7 7. Nf3 N7b6 8.
Bb3 Bg4 9. h3 Bh5 10. Nbd2 e6 11. Ne4 Be7 12. Ng3 Bg6 13. Ne5 O-O 14. h4 Bxh4
15. Nxg6 fxg6 16. Ne4 Qe7 17. Qg4 Bf6 18. Bd2 e5 19. O-O-O exd4 20. Rxh7 Kxh7
21. Rh1+ Kg8 22. Qxg6 Rfe8 23. Re1 Bh4 24. Nd6 Qxe1+ 25. Bxe1 Rxe1+ 26. Kd2 Re7
27. Nf5 Bf6 28. g4 Rf8 29. g5 Bxg5+ 30. Qxg5 Rd7 31. f4 Kh7 32. Qh5+ Kg8 33.
Qg5 Kh7 34. Qh4+ Kg8 35. Qg4 Rf6 36. Bxd5+ 1/2-1/2

[Event "I Magistral Ruibal"]
[Site "Buenos Aires ARG"]
[Date "2008.10.02"]
[Round "4.1"]
[White "Garcia Palermo, Carlos"]
[Black "Dos Santos, Ramiro"]
[Result "1/2-1/2"]
[WhiteElo "2456"]
[BlackElo "2435"]
[PlyCount "76"]
[EventDate "2008.09.29"]
[EventType "tourn"]
[EventRounds "9"]
[EventCountry "ARG"]
[EventCategory "9"]
[Source "lmi"]
[SourceDate "2008.09.29"]

1. g3 d5 2. Nf3 Bg4 3. Bg2 c6 4. b3 Nd7 5. Bb2 Ngf6 6. c4 e6 7. d3 Qa5+ 8. Nbd2
Bxf3 9. Bxf3 Ba3 10. Qc1 Bxb2 11. Qxb2 O-O 12. O-O h6 13. b4 Qb6 14. Rab1 a6
15. Rfc1 Rfc8 16. a4 a5 17. b5 Qd8 18. d4 Rab8 19. b6 c5 20. cxd5 Nxd5 21. Bxd5
exd5 22. Qb5 Qe7 23. Nf3 c4 24. Qxd5 Qxe2 25. Kg2 Nf6 26. Qxa5 Ra8 27. Qf5 c3
28. Rc2 Qc4 29. a5 Qc6 30. Rb5 g6 31. Qd3 Nd5 32. Rc5 Qe6 33. Re2 Qd6 34. Qc4
Rxc5 35. dxc5 Qc6 36. Re5 Rd8 37. h4 h5 38. Kg1 Qf6 1/2-1/2

[Event "I Magistral Ruibal"]
[Site "Buenos Aires ARG"]
[Date "2008.10.02"]
[Round "4.2"]
[White "Mahia, Gustavo"]
[Black "Valerga, Diego"]
[Result "0-1"]
[WhiteElo "2441"]
[BlackElo "2502"]
[PlyCount "66"]
[EventDate "2008.09.29"]
[EventType "tourn"]
[EventRounds "9"]
[EventCountry "ARG"]
[EventCategory "9"]
[Source "lmi"]
[SourceDate "2008.09.29"]

1. d4 Nf6 2. Bg5 e6 3. e4 h6 4. Bxf6 Qxf6 5. Nf3 d6 6. Nc3 g5 7. e5 Qe7 8. Qe2
Bg7 9. O-O-O Nc6 10. h3 Bd7 11. g3 dxe5 12. dxe5 Qc5 13. Re1 O-O-O 14. Bg2 Ne7
15. Ne4 Qa5 16. Qc4 Bc6 17. Re3 Ng6 18. Ra3 Nxe5 19. Qe2 Qd5 20. Nc3 Qc4 21.
Nxe5 Qxe2 22. Nxe2 Bxg2 23. Rg1 Bxe5 24. Rxg2 a6 25. Re3 Bg7 26. c3 Rd5 27. f4
Rhd8 28. Rf2 Rd1+ 29. Kc2 R8d2+ 30. Kb3 Rb1 31. fxg5 Rbxb2+ 32. Kc4 b5+ 33. Kc5
Bf8+ 0-1

[Event "I Magistral Ruibal"]
[Site "Buenos Aires ARG"]
[Date "2008.10.02"]
[Round "4.4"]
[White "Contin, Daniel"]
[Black "Larsen, Bent"]
[Result "1-0"]
[WhiteElo "2304"]
[BlackElo "2461"]
[PlyCount "57"]
[EventDate "2008.09.29"]
[EventType "tourn"]
[EventRounds "9"]
[EventCountry "ARG"]
[EventCategory "9"]
[Source "lmi"]
[SourceDate "2008.09.29"]

1. e4 a5 2. d4 d5 3. exd5 Qxd5 4. Nc3 Qd6 5. Nf3 Bg4 6. h3 Bh5 7. g4 Bg6 8. Ne5
Nd7 9. Nb5 Qb6 10. Nc4 Qe6+ 11. Be3 Kd8 12. d5 Qe4 13. f3 Qxc2 14. Qxc2 Bxc2
15. Rc1 Bg6 16. Nxc7 Rc8 17. Ne6+ fxe6 18. dxe6 Nc5 19. Rd1+ Ke8 20. Nb6 Rc6
21. Bxc5 Rxc5 22. Na8 Re5+ 23. Kf2 Rxe6 24. Nc7+ Kf7 25. Bc4 Kf6 26. Nxe6 Bf7
27. g5+ Kf5 28. Rd5+ Kg6 29. Nf4# 1-0

[Event "I Magistral Ruibal"]
[Site "Buenos Aires ARG"]
[Date "2008.10.02"]
[Round "4.5"]
[White "Liascovich, Lucas"]
[Black "Rodriguez Vila, Andres"]
[Result "1/2-1/2"]
[WhiteElo "2435"]
[BlackElo "2531"]
[PlyCount "87"]
[EventDate "2008.09.29"]
[EventType "tourn"]
[EventRounds "9"]
[EventCountry "ARG"]
[EventCategory "9"]
[Source "lmi"]
[SourceDate "2008.09.29"]

1. e4 e5 2. Nf3 Nc6 3. Bb5 a6 4. Bxc6 dxc6 5. O-O Bg4 6. d3 f6 7. Be3 Bd6 8.
Nbd2 c5 9. h3 Bh5 10. c3 Ne7 11. a4 Nc6 12. a5 O-O 13. Nc4 Kh8 14. Re1 b5 15.
axb6 cxb6 16. b4 cxb4 17. Bxb6 Qe7 18. Qa4 Be8 19. Nxd6 Qxd6 20. Qc2 Bf7 21.
cxb4 Nxb4 22. Qc5 Qxc5 23. Bxc5 Rfb8 24. Bd6 Rb6 25. Bc5 Rb5 26. Reb1 Nc2 27.
Rxb5 Nxa1 28. Rb7 Nb3 29. Ba7 Bg8 30. d4 a5 31. dxe5 fxe5 32. Bb8 Nc5 33. Rb5
Nd7 34. Bd6 a4 35. Rb7 Nf6 36. Ba3 Nxe4 37. Nxe5 Bd5 38. Rd7 Nf6 39. Rc7 Bb3
40. Rb7 h6 41. f4 Nh5 42. f5 Rc8 43. Bb2 Kh7 44. Ng4 1/2-1/2

[Event "I Magistral Ruibal"]
[Site "Buenos Aires ARG"]
[Date "2008.10.03"]
[Round "5.1"]
[White "Rodriguez Vila, Andres"]
[Black "Garcia Palermo, Carlos"]
[Result "1/2-1/2"]
[WhiteElo "2531"]
[BlackElo "2456"]
[PlyCount "21"]
[EventDate "2008.09.29"]
[EventType "tourn"]
[EventRounds "9"]
[EventCountry "ARG"]
[EventCategory "9"]
[Source "lmi"]
[SourceDate "2008.09.29"]

1. e4 c6 2. d4 d5 3. exd5 cxd5 4. Bd3 Nc6 5. c3 Nf6 6. Nf3 g6 7. O-O Bg7 8. Bf4
Nh5 9. Bg5 O-O 10. Nbd2 f6 11. Be3 1/2-1/2

[Event "I Magistral Ruibal"]
[Site "Buenos Aires ARG"]
[Date "2008.10.03"]
[Round "5.2"]
[White "Larsen, Bent"]
[Black "Liascovich, Lucas"]
[Result "0-1"]
[WhiteElo "2461"]
[BlackElo "2435"]
[PlyCount "68"]
[EventDate "2008.09.29"]
[EventType "tourn"]
[EventRounds "9"]
[EventCountry "ARG"]
[EventCategory "9"]
[Source "lmi"]
[SourceDate "2008.09.29"]

1. b4 e5 2. Bb2 Bxb4 3. Bxe5 Nf6 4. c3 Be7 5. h4 Nc6 6. Bh2 O-O 7. e3 d5 8. Be2
Re8 9. g4 Bd6 10. Bxd6 Qxd6 11. d3 b5 12. Nd2 Rb8 13. Nh3 b4 14. c4 Be6 15. g5
Nd7 16. cxd5 Bxd5 17. Rg1 Nb6 18. Rg3 a5 19. h5 Re7 20. Nf4 Rbe8 21. Kf1 Nd4
22. Bg4 Nb5 23. g6 fxg6 24. hxg6 h6 25. Qc2 Nc3 26. Bf3 Kh8 27. a3 Bxf3 28.
Nxf3 Nbd5 29. Nxd5 Nxd5 30. Rh3 Qxg6 31. Qb3 Qe6 32. Kg1 Qxh3 33. Qxd5 c6 34.
Qxc6 Re6 0-1

[Event "I Magistral Ruibal"]
[Site "Buenos Aires ARG"]
[Date "2008.10.03"]
[Round "5.3"]
[White "Mareco, Sandro"]
[Black "Contin, Daniel"]
[Result "1-0"]
[WhiteElo "2477"]
[BlackElo "2304"]
[PlyCount "77"]
[EventDate "2008.09.29"]
[EventType "tourn"]
[EventRounds "9"]
[EventCountry "ARG"]
[EventCategory "9"]
[Source "lmi"]
[SourceDate "2008.09.29"]

1. d4 e6 2. c4 Nf6 3. Nf3 Bb4+ 4. Nbd2 b6 5. g3 Bb7 6. Bg2 c5 7. dxc5 Bxc5 8.
O-O O-O 9. a3 Be7 10. b4 d6 11. Bb2 Nbd7 12. Nd4 Qc8 13. e4 a6 14. f4 Re8 15.
Qe2 e5 16. Nf5 Bf8 17. fxe5 dxe5 18. Kh1 a5 19. Bc3 axb4 20. axb4 Qc7 21. Ne3
Rxa1 22. Rxa1 Ra8 23. Qd1 Rc8 24. Qb3 g6 25. Ra7 Qb8 26. Qa2 b5 27. c5 Nxc5 28.
bxc5 Bxc5 29. Rxb7 Qxb7 30. Nd5 Nxd5 31. exd5 Bd4 32. d6 Qb6 33. d7 Rd8 34. Ba5
Qa7 35. Bxd8 Qxa2 36. Bc7 Qa1+ 37. Nf1 b4 38. d8=Q+ Kg7 39. Bd6 1-0

[Event "I Magistral Ruibal"]
[Site "Buenos Aires ARG"]
[Date "2008.10.03"]
[Round "5.4"]
[White "Valerga, Diego"]
[Black "Lemos, Damian"]
[Result "1/2-1/2"]
[WhiteElo "2502"]
[BlackElo "2479"]
[PlyCount "44"]
[EventDate "2008.09.29"]
[EventType "tourn"]
[EventRounds "9"]
[EventCountry "ARG"]
[EventCategory "9"]
[Source "lmi"]
[SourceDate "2008.09.29"]

1. e4 c5 2. Nf3 e6 3. Nc3 a6 4. g3 b5 5. Bg2 Bb7 6. d3 d6 7. O-O Be7 8. Ne1 Nc6
9. f4 Nf6 10. h3 Qc7 11. Nf3 h6 12. Be3 Nd7 13. f5 O-O-O 14. Nh4 Bf6 15. fxe6
fxe6 16. Ng6 Rhe8 17. Rb1 Nd4 18. Ne2 d5 19. Bxd4 Bxd4+ 20. Nxd4 cxd4 21. Kh2
dxe4 22. dxe4 Nc5 1/2-1/2

[Event "I Magistral Ruibal"]
[Site "Buenos Aires ARG"]
[Date "2008.10.03"]
[Round "5.5"]
[White "Dos Santos, Ramiro"]
[Black "Mahia, Gustavo"]
[Result "1-0"]
[WhiteElo "2435"]
[BlackElo "2441"]
[PlyCount "57"]
[EventDate "2008.09.29"]
[EventType "tourn"]
[EventRounds "9"]
[EventCountry "ARG"]
[EventCategory "9"]
[Source "lmi"]
[SourceDate "2008.09.29"]

1. e4 e6 2. d4 d5 3. Nc3 Bb4 4. e5 c5 5. a3 Bxc3+ 6. bxc3 Qa5 7. Bd2 Qa4 8. Qg4
g6 9. Qd1 cxd4 10. Rb1 Nc6 11. Bb5 Qxa3 12. cxd4 Bd7 13. Nf3 h6 14. h4 Qf8 15.
h5 g5 16. O-O Nge7 17. Bc1 f5 18. exf6 Qxf6 19. Ne5 O-O-O 20. Ba3 Nxe5 21. dxe5
Qg7 22. Qg4 Bxb5 23. Rxb5 Qf7 24. Rfb1 Rd7 25. Qa4 Nc6 26. Bd6 Kd8 27. R5b3 Ne7
28. Rxb7 Nc8 29. Qc6 1-0

[Event "I Magistral Ruibal"]
[Site "Buenos Aires ARG"]
[Date "2008.10.06"]
[Round "6.1"]
[White "Garcia Palermo, Carlos"]
[Black "Mahia, Gustavo"]
[Result "1-0"]
[WhiteElo "2456"]
[BlackElo "2441"]
[PlyCount "99"]
[EventDate "2008.09.29"]
[EventType "tourn"]
[EventRounds "9"]
[EventCountry "ARG"]
[EventCategory "9"]
[Source "lmi"]
[SourceDate "2008.09.29"]

1. d4 Nf6 2. c4 g6 3. Nc3 Bg7 4. e4 O-O 5. f4 d6 6. Nf3 c5 7. dxc5 Qa5 8. Bd3
Qxc5 9. Qe2 Nc6 10. Be3 Qa5 11. Rc1 Bg4 12. O-O Nd7 13. Qd2 Nc5 14. Bb1 Rfc8
15. Rf2 Bxf3 16. gxf3 Na4 17. Nd1 Qh5 18. b3 Nc5 19. Nc3 Rd8 20. Kh1 a5 21. Nd5
e6 22. Nc7 Rac8 23. Nb5 Bf8 24. f5 Ne5 25. Nd4 exf5 26. exf5 d5 27. fxg6 hxg6
28. Rg1 dxc4 29. Qxa5 cxb3 30. axb3 Re8 31. b4 Nc4 32. Qa2 Ne6 33. Nxe6 Rxe6
34. Bg5 Bg7 35. Qa7 b5 36. Be4 Rd6 37. Qb7 Re8 38. Qxb5 Re5 39. Qb8+ Kh7 40.
Bf4 Rxe4 41. fxe4 Bd4 42. Be3 Bf6 43. Qc7 Qb5 44. Qxf7+ Bg7 45. Bc5 Ne5 46. Qf4
Rd7 47. Qh4+ Kg8 48. Rgf1 Nf7 49. Rxf7 Rxf7 50. Qd8+ 1-0